00294nam a2200121Ia 4500008004100000100003500041245002000076260003000096300000800126650001400134942000700148999001700155190216s9999||||xx |||||||||||||| ||und|| aKavitha Thiranedutha Committee 0aNaveena Kavitha bCambridge Uty Pressc1987 a56p aKavithkal cBK c29871d29871